000 00678nam a22001697a 4500
999 _c11491
_d11491
008 181205b ||||| |||| 00| 0 eng d
082 _22016
_aUT 1066
_bR28
100 _aRemitar, John Reymar S.
_932940
245 _aUM Digos College clubs and organizations online management system /
_cJohn Reymar S. Remitar, Arthurbonn M. Mapula, and Hannah B. Mejorada
260 _aDigos City:
_bUMDC
_cDecember 2016.
300 _a108 pages ;
_b29 cm.
650 _aTechnical Program
_vInformation Technology
_xUndergraduate thesis.
_932740
700 _aRemitar, John Reymar S.
_932940
700 _aMapula, Arthurbonn M.
_932941
700 _aMejorada, Hannah B.
_932942
942 _2ddc
_cUT